[Event "AUTO-ADV-2538"]
[Site "http://www.queenalice.com/game.php?id=1073542"]
[Date "2012.6.18"]
[Round "1"]
[White "ac2012"]
[Black "Sportolna"]
[Result "1-0"]
[WhiteElo "1805"]
[BlackElo "1821"]

1. e4 e5 2. Nf3 d6 3. Bc4 f6 4. h3 c6 5. d3 b5 6. Bb3 a5 7. a3 a4 8. Ba2 d5 9.
exd5 cxd5 10. O-O Bb7 11. c3 d4 12. c4 e4 13. dxe4 Bxe4 14. Re1 f5 15. Nxd4 bxc4
16. Bxc4 Bc5 17. Be3 Qb6 18. Re2 Nf6 19. Nc3 Bc6 20. Nxc6 Bxe3 21. Nxb8 f4 22.
Bb5+ Kf8 23. Nd7+ Nxd7 24. Qxd7 Rd8 25. Qf5+ Qf6 26. Qxf6+ gxf6 27. fxe3 fxe3
28. Rxe3 Rd2 29. Re2 Rd4 30. Re8+ Kg7 31. Rxh8 Kxh8 32. Bxa4 Rd2 33. b4 Rd3 34.
Ne2 Re3 35. Kf2 Re7 36. Bb3 Rd7 37. Rd1 Ra7 38. a4 Rc7 39. b5 f5 40. a5 Rc5 41.
Ba4 Rc4 42. Ra1 Rc5 43. a6 1-0

[Event "AUTO-ADV-2538"]
[Site "http://www.queenalice.com/game.php?id=1073543"]
[Date "2012.6.18"]
[Round "1"]
[White "Sportolna"]
[Black "ac2012"]
[Result "1-0"]
[WhiteElo "1707"]
[BlackElo "1818"]

1. e4 e5 2. Qh5 d6 3. Bc4 Qe7 4. d3 Nf6 5. Qf3 Nbd7 6. Ne2 Qd8 7. Bg5 Be7 8.
Bxf6 Bxf6 9. O-O O-O 10. Nbc3 c6 11. Ng3 a5 12. Nh5 b5 13. Nxf6+ Nxf6 14. h3 Be6
15. Bxe6 fxe6 16. Qg3 Rf7 17. Rfe1 Qe7 18. a3 Qb7 19. Re3 d5 20. exd5 exd5 21.
Rxe5 Raf8 22. Rae1 h6 23. Qg6 Qd7 24. R1e3 Re8 25. Rf5 Nh7 26. Rxf7 Qxf7 27.
Rxe8+ Nf8 28. Qxf7+ Kxf7 29. Ra8 a4 30. Ra7+ Kf6 31. Ra6 Ke5 32. Rxc6 d4 33.
Nxb5 Ne6 34. Rc4 1-0

[Event "AUTO-INT-2291"]
[Site "http://www.queenalice.com/game.php?id=1102447"]
[Date "2012.9.13"]
[Round "2"]
[White "Sportolna"]
[Black "Zoe"]
[Result "1-0"]
[WhiteElo "1801"]
[BlackElo "1906"]

1. e4 e6 2. Nf3 d5 3. exd5 exd5 4. d4 Nf6 5. Ne5 Qe7 6. Qf3 Nc6 7. Bb5 Qb4+ 8.
Nc3 Qxd4 9. Nxc6 Qb6 10. Qe2+ Be6 11. Na4 Qxc6 12. Bxc6+ bxc6 13. O-O Be7 14.
Qa6 O-O 15. Qxc6 Bd7 16. Qxc7 Bd8 17. Qb7 Ba5 18. Bg5 Bxa4 19. Bxf6 gxf6 20. Qa6
Bxc2 21. Qxa5 Rfd8 22. Rac1 Bd3 23. Rfd1 Be4 24. f3 Bf5 25. Rxd5 Rxd5 26. Qxd5
1-0

[Event "AUTO-INT-2291"]
[Site "http://www.queenalice.com/game.php?id=1102448"]
[Date "2012.9.13"]
[Round "2"]
[White "Zoe"]
[Black "Sportolna"]
[Result "1-0"]
[WhiteElo "1893"]
[BlackElo "1804"]

1. d4 d5 2. Nf3 e6 3. e3 Be7 4. Bd3 Nh6 5. h3 O-O 6. Nbd2 c5 7. c3 c4 8. Bc2 Bd6
9. O-O f5 10. Ne5 f4 11. exf4 Rxf4 12. Ndf3 Rf8 13. Bxh6 gxh6 14. Re1 Qb6 15.
Qb1 Kh8 16. Bxh7 Re8 17. Qg6 Rf8 18. Nf7+ 1-0

[Event "AUTO-INT-2291"]
[Site "http://www.queenalice.com/game.php?id=1102451"]
[Date "2012.9.13"]
[Round "2"]
[White "Sportolna"]
[Black "saraquette"]
[Result "0-1"]
[WhiteElo "1784"]
[BlackElo "1700"]

1. e4 c5 2. Bc4 Nc6 3. Nh3 e6 4. O-O a6 5. Qf3 Ne5 6. Qc3 Qc7 7. Qg3 d6 8. f4
Nxc4 9. d3 Nb6 10. Be3 g6 11. Qf2 Bg7 12. c3 Ne7 13. Rc1 e5 14. fxe5 Bxh3 15.
Rf1 Be6 16. exd6 Qxd6 17. Rd1 Rc8 18. d4 c4 19. Na3 Na4 20. Rf1 O-O 21. Rad1 Bg4
22. Rd2 b5 23. h3 Bd7 24. Bf4 Qb6 25. Qg3 b4 26. cxb4 Qxb4 27. Rc2 Bxd4+ 28. Kh2
Nxb2 29. Bd6 Bc5 30. Bxc5 Rxc5 31. Rfc1 Bb5 32. Nxb5 axb5 33. a3 Qa5 34. Rxb2
Rfc8 35. Qd6 Qc7 36. Rd1 Qxd6+ 37. Rxd6 c3 38. Rc2 Nc6 39. Rd3 Ne5 40. Rd4 f6
41. Rd6 Kf7 0-1

[Event "AUTO-INT-2291"]
[Site "http://www.queenalice.com/game.php?id=1102452"]
[Date "2012.9.13"]
[Round "2"]
[White "saraquette"]
[Black "Sportolna"]
[Result "1-0"]
[WhiteElo "1719"]
[BlackElo "1765"]

1. b3 e5 2. Bb2 d6 3. e3 Nh6 4. h3 g6 5. d4 e4 6. d5 Rg8 7. Nd2 Bg7 8. Bxg7 Rxg7
9. Nxe4 Qh4 10. g3 Qxe4 11. Nf3 Qb4+ 12. Qd2 Qxd2+ 13. Nxd2 c6 14. Bg2 f5 15.
dxc6 bxc6 16. O-O-O Bb7 17. Nc4 d5 18. Nd6+ Kf8 19. Rd4 Ba6 20. Rh4 Ng8 21. Bf1
h5 22. Bxa6 Nxa6 23. Ra4 Nc5 24. Ra5 Ne6 25. Ra6 Nd8 26. c4 dxc4 27. Nxc4 Nf6
28. Ne5 Rc8 29. Rd1 Ne4 30. Rf1 Nc3 31. Kb2 Nb5 32. Rc1 Rgc7 33. Nxg6+ Kg7 34.
Nf4 Kh6 35. Nd5 Rd7 36. Nb4 Rd2+ 37. Rc2 Rxc2+ 38. Kxc2 Kg5 39. f4+ Kg6 40. Kb2
Kg7 41. a4 Nd6 42. Rxa7+ N8f7 43. Nd3 1-0

[Event "Houl some ass y'all!"]
[Site "http://www.queenalice.com/game.php?id=1104014"]
[Date "2012.9.19"]
[Round "-"]
[White "Elafsson"]
[Black "Sportolna"]
[Result "1-0"]
[WhiteElo "2081"]
[BlackElo "1833"]

1. e4 e5 2. Nf3 d6 3. d4 Bg4 4. dxe5 Bxf3 5. gxf3 dxe5 6. Qxd8+ Kxd8 7. Bc4 f6
8. Nc3 c6 9. Be3 Bb4 10. O-O-O+ Nd7 11. Be6 Ke7 12. Bxd7 g6 13. Bh3 Bd6 14. Rd2
Rd8 15. Rhd1 b6 16. a3 Kf7 17. Rxd6 Rxd6 18. Rxd6 Ne7 19. Rd7 Ra8 20. f4 1-0

[Event "AUTO-ADV-2687"]
[Site "http://www.queenalice.com/game.php?id=1125764"]
[Date "2012.11.25"]
[Round "1"]
[White "solzhenitsyn"]
[Black "Sportolna"]
[Result "0-1"]
[WhiteElo "1749"]
[BlackElo "1821"]

1. e4 e5 2. Nf3 d6 3. Nc3 c6 4. Bc4 b5 5. Be2 Bd7 6. O-O Qf6 7. d3 h6 8. Be3 Be7
9. Qd2 Qg6 10. a4 Bh3 11. g3 Bxf1 12. Bxf1 h5 13. Ng5 b4 14. Ne2 f6 15. Ne6 Kd7
16. Bh3 f5 17. exf5 Qf6 18. Qxb4 Kc8 19. Qa5 Bd8 20. Qxd8+ Qxd8 21. Nxd8 Kxd8
22. Bg5+ Kc7 23. b4 Na6 24. c3 Rf8 25. Be3 Kb7 26. b5 Nc5 27. Bxc5 dxc5 28. c4
Rh6 29. bxc6+ Kxc6 30. Bg2+ Kc7 31. Rb1 Rb6 32. Rb5 Rxf5 33. Bh3 Rff6 34. Nc3
Rxb5 35. axb5 Rf3 36. Nd5+ Kb8 37. b6 Rxd3 38. bxa7+ Kxa7 39. Bf1 Rd1 40. Kg2
Nh6 0-1

[Event "AUTO-ADV-2687"]
[Site "http://www.queenalice.com/game.php?id=1125765"]
[Date "2012.11.25"]
[Round "1"]
[White "Sportolna"]
[Black "solzhenitsyn"]
[Result "1-0"]
[WhiteElo "1805"]
[BlackElo "1805"]

1. e4 c5 2. Bc4 e6 3. Qe2 Nc6 4. c3 Nge7 5. Nh3 Ne5 6. d4 Nxc4 7. Qxc4 cxd4 8.
cxd4 Nc6 9. Bd2 Qb6 10. Bc3 Be7 11. d5 exd5 12. exd5 O-O 13. dxc6 dxc6 14. Qd3
Re8 15. O-O Be6 16. Qg3 g6 17. Qe5 f6 18. Qxe6+ Kg7 19. Ng5 c5 20. Qf7+ 1-0

[Event "AUTO-ADV-2687"]
[Site "http://www.queenalice.com/game.php?id=1125778"]
[Date "2012.11.25"]
[Round "1"]
[White "Rubens2009"]
[Black "Sportolna"]
[Result "1-0"]
[WhiteElo "1800"]
[BlackElo "1817"]

1. e4 e5 2. Nf3 d6 3. Bc4 c6 4. d4 b5 5. Bb3 f6 6. dxe5 a5 7. a3 fxe5 8. Ng5 d5
9. exd5 h6 10. Nf3 a4 11. Ba2 Qf6 12. dxc6 Bc5 13. Qd5 Bd4 14. Nxd4 exd4 15. c7
Nc6 16. O-O Ba6 17. Re1+ Nge7 18. Bf4 Kf8 19. Bd6 Bb7 20. Re6 Ke8 21. Nd2 Nd8
22. cxd8=Q+ Rxd8 23. Qxb7 Rd7 24. Qxb5 Qf7 25. Rxe7+ Qxe7 26. Bxe7 Kxe7 27. Re1+
Kd6 28. Re6+ Kc7 29. Nc4 d3 30. cxd3 Rxd3 31. Rc6+ Kd7 32. Ne5+ 1-0

[Event "AUTO-ADV-2687"]
[Site "http://www.queenalice.com/game.php?id=1125779"]
[Date "2012.11.25"]
[Round "1"]
[White "Sportolna"]
[Black "Rubens2009"]
[Result "0-1"]
[WhiteElo "1834"]
[BlackElo "1821"]

1. e4 c5 2. Bc4 e6 3. Qe2 a6 4. Nh3 Nc6 5. c3 Be7 6. O-O Nf6 7. Re1 d5 8. exd5
exd5 9. Bd3 O-O 10. Ng5 h6 11. Nf3 Re8 12. Qd1 Bg4 13. Be2 Bd6 14. h3 Bf5 15.
Nh4 Bh7 16. Qb3 b5 17. d3 c4 18. dxc4 dxc4 19. Qd1 Qc7 20. g3 Rad8 21. Nd2 Bxg3
22. fxg3 Qxg3+ 23. Ng2 Qxh3 24. Bf3 Ne5 25. Nf4 Qg3+ 26. Ng2 Rd3 27. Bb7 Nfg4
28. Bc6 Qf2+ 29. Kh1 Rh3# 0-1

[Event "AUTO-ADV-2687"]
[Site "http://www.queenalice.com/game.php?id=1125788"]
[Date "2012.11.25"]
[Round "1"]
[White "Sportolna"]
[Black "thw"]
[Result "0-1"]
[WhiteElo "1819"]
[BlackElo "1851"]

1. e4 c5 2. Bc4 e6 3. Qe2 Nc6 4. c3 Nge7 5. Nh3 d5 6. Bb5 Bd7 7. exd5 exd5 8.
Qf3 Bxh3 9. Qxh3 a6 10. Bxc6+ Nxc6 11. O-O Be7 12. Re1 O-O 13. b3 Re8 14. Bb2
Bd6 15. Na3 Qc7 16. g3 Ne5 17. Re3 Re7 18. c4 d4 19. Re4 Nf3+ 20. Kg2 Rxe4 21.
Kxf3 Qc6 22. Qh5 Re5+ 0-1

[Event "AUTO-ADV-2687"]
[Site "http://www.queenalice.com/game.php?id=1125789"]
[Date "2012.11.25"]
[Round "1"]
[White "thw"]
[Black "Sportolna"]
[Result "1-0"]
[WhiteElo "1852"]
[BlackElo "1836"]

1. e4 e5 2. Nf3 d6 3. Bc4 Nf6 4. Ng5 d5 5. exd5 Nxd5 6. Nxf7 Kxf7 7. Qf3+ Ke6 8.
Qg4+ Kf7 9. Bxd5+ Qxd5 10. Qxc8 Bd6 11. Qxh8 Qe4+ 12. Kf1 Bf8 13. d3 Qf5 14. Nc3
c6 15. Ne4 Na6 16. a3 Rb8 17. Ng5+ Kf6 18. Nxh7+ Ke7 19. Nxf8 Rxf8 20. Qxg7+ Ke8
21. Be3 Nc5 22. Bxc5 Rf7 23. Qg8+ Kd7 24. f3 b6 25. Be3 Rf8 26. Qc4 Qg6 27. Qe4
Rf5 28. g4 1-0

[Event "AUTO-ADV-2538"]
[Site "http://www.queenalice.com/game.php?id=1129281"]
[Date "2012.12.7"]
[Round "2"]
[White "Sportolna"]
[Black "gingalmesh"]
[Result "0-1"]
[WhiteElo "1800"]
[BlackElo "1792"]

1. e4 c5 2. Bc4 Nc6 3. Nh3 d6 4. Qf3 Ne5 5. Qb3 Bxh3 6. Bb5+ Bd7 7. f4 Nc6 8. c3
e5 9. Bxc6 Bxc6 10. fxe5 Bxe4 11. Rf1 Qd7 12. exd6 Bxd6 13. g3 Nf6 14. Qc4 Bd5
15. Qe2+ Be7 16. d3 O-O 17. c4 Rae8 18. cxd5 Bd6 19. Be3 Ng4 20. Rf3 Re7 21. h3
Nf6 22. Nc3 Rfe8 23. O-O-O b5 24. d4 cxd4 25. Rxd4 Bc5 26. Rd3 Bxe3+ 27. Rfxe3
Rxe3 28. Rxe3 Rxe3 29. Qxe3 b4 30. Ne2 Nxd5 31. Qe5 f6 0-1

[Event "AUTO-ADV-2538"]
[Site "http://www.queenalice.com/game.php?id=1129282"]
[Date "2012.12.7"]
[Round "2"]
[White "gingalmesh"]
[Black "Sportolna"]
[Result "1-0"]
[WhiteElo "1865"]
[BlackElo "1854"]

1. g3 e5 2. e4 Nf6 3. Bg2 Bc5 4. a4 d6 5. h3 O-O 6. c3 c6 7. a5 b6 8. b4 bxa5 9.
bxc5 dxc5 10. Ne2 Qd3 11. f3 Be6 12. Na3 Na6 13. Bb2 Rab8 14. Nc1 Qd7 15. O-O
Rxb2 16. d3 Rxg2+ 17. Kxg2 Bxh3+ 18. Kh2 Bxf1 19. Qxf1 Rb8 20. Nc4 Qe6 21. Rxa5
1-0